Introduction to fluid mechanics /

Uloženo v:
Podrobná bibliografie
Hlavní autor: Fox, Robert W. 1934-
Médium: Kniha
Jazyk:English
Vydáno: New York; Chichester : John Wiley and Sons, 1998.
Vydání:5th ed.
Témata:
Tagy: Přidat tag
Žádné tagy, Buďte první, kdo otaguje tento záznam!
Thư viện lưu trữ: Mạng thư viện Đại học Đà Nẵng
LEADER 01135cam a2200349 i 4500
001 000046082
003 5351
005 20180110101016.0
008 010220b1998 vm 000 eng
020 |a 0471124648 
040 |a LRCC  |c LRCC  |d LRCC 
041 0 |a eng 
082 1 4 |a 620.106  |b FO-R 
100 1 |a Fox, Robert W.  |q (Robert William),  |d 1934- 
245 0 0 |a Introduction to fluid mechanics /  |c Robert W. (Robert William) Fox. 
250 |a 5th ed. 
260 |a New York; Chichester :  |b John Wiley and Sons,  |c 1998. 
300 |a xiv, 762p. :  |b ill. (some col.) 
630 0 4 |a Fluid mechanics. 
650 0 4 |a Fluid mechanics. 
OWN |a DUT 
AVA |a UDN50  |b DUT  |c Book  |d 620.106 FO-R  |e available  |t Error 5001 Not defined in file expand_doc_bib_avail.  |f 1  |g 0  |h N  |i 0  |j SH  |k 1 
999 |a From the UDN01 
AVA |a UDN50  |b DUT  |c Book  |d 620.106 FO-R  |e available  |t Error 5001 Not defined in file expand_doc_bib_avail.  |f 1  |g 0  |h N  |i 0  |j SH  |k 1 
TYP |a Monograph 
TYP |a Printed language 
980 |a Mạng thư viện Đại học Đà Nẵng